Proces intenzifikace Teorie a měření

Salvato in:
Dettagli Bibliografici
Autore principale: Toms, Miroslav
Natura: Libro
Lingua:ceco
Pubblicazione: Praha Academia 1988
Edizione:1. vyd.
Tags: Aggiungi Tag
Nessun Tag, puoi essere il primo ad aggiungerne!!

MARC

LEADER 00000nam a2200000 4500
001 c040472
005 20250609135542.7
041 0 |a cze 
044 |a CZ 
245 1 0 |a Proces intenzifikace  |b Teorie a měření  |c Miroslav Toms 
250 |a 1. vyd. 
264 1 |a Praha  |b Academia  |c 1988 
300 |a 331 s. 
100 1 |a Toms, Miroslav